Statistiques concernant Top 15 des pays avec les décès de Covid-19 - 24 septembre

Cliquez ici pour prendre le quiz!

Statistiques générales

  • Ce quiz a été pris 16 fois
  • Le résultat moyen est 14 sur 20

Statistiques - réponses

pays% Correct
France
100%
Etats-Unis
93%
Italie
93%
Mexique
93%
Royaume-Uni
93%
Brésil
86%
Espagne
86%
Inde
86%
Russie
86%
Argentine
71%
Belgique
71%
Suède
71%
Chili
64%
Afrique du Sud
57%
Colombie
50%
Iran
43%
Pérou
43%
Équateur
36%
Bolivie
29%
Panama
21%

Distribution des résultats

Percentile par nombre de réponses

% des personnes avec chaque résultat

Votre développement - résultats

Vous n’avez pas pris ce quiz